[Event "94th FRA-ch Open A 2019"]
[Site "Chartres"]
[Date "2019.08.17"]
[Round "1.1"]
[White "Jaulin, Marc"]
[Black "Vedovotto, Nicolas"]
[Result "1/2-1/2"]
[WhiteElo "2038"]
[BlackElo "2199"]
[Annotator "NA"]
[PlyCount "67"]
[EventDate "2019.08.17"]
[EventType "swiss"]
[EventCountry "FRA"]
[SourceTitle "playchess.com"]
[Source "ChessBase"]
[SourceQuality "1"]
[TimeControl "40/5400+30:1800+30"]

1. e4 {[%emt 0:00:00]} Nc6 {[%emt 0:00:00]} 2. Nf3 {[%emt 0:00:00]} d5 {[%emt 0:00:00]} 3. exd5 {[%emt 0:00:28]} Qxd5 {[%emt 0:00:00]} 4. Nc3 {[%emt 0:00:15]} Qa5 {[%emt 0:00:00]} 5. Bc4 {[%emt 0:02:46]} Bg4 {[%emt 0:00:42]} 6. h3 {[%emt 0:03:25]} Bh5 {[%emt 0:00:59]} 7. Bb5 {[%emt 0:05:29]} O-O-O {[%emt 0:06:11]} 8. Bxc6 {[%emt 0:01:04]} bxc6 {[%emt 0:00:05]} 9. d3 {[%emt 0:01:55]} Nf6 {[%emt 0:19:28]} 10. Qe2 {[%emt 0:18:49]} e6 {[%emt 0:11:42]} 11. g4 {[%emt 0:03:36]} Bg6 {[%emt 0:01:18]} 12. Bd2 {[%emt 0:02:13]} Bd6 {[%emt 0:09:59]} 13. Ne4 {[%emt 0:09:14]} Qb6 {[%emt 0:08:56]} 14. Bc3 {[%emt 0:05:04]} Nxe4 {[%emt 0:11:51]} 15. dxe4 {[%emt 0:00:39]} f6 {[%emt 0:06:14]} 16. e5 {[%emt 0:09:33]} fxe5 {[%emt 0:05:12]} 17. Nxe5 {[%emt 0:01:27]} Bxe5 {[%emt 0:02:29]} 18. Bxe5 {[%emt 0:07:19]} Qb4+ {[%emt 0:04:37]} 19. Bc3 {[%emt 0:00:53]} Qe4 {[%emt 0:01:25]} 20. Qxe4 {[%emt 0:00:23]} Bxe4 {[%emt 0:00:02]} 21. O-O {[%emt 0:00:59]} h5 {[%emt 0:01:26]} 22. f3 {[%emt 0:01:45]} Bxc2 {[%emt 0:00:31]} 23. Bxg7 {[%emt 0:03:08]} Rhg8 {[%emt 0:00:38]} 24. Bc3 {[%emt 0:00:54]} Rd7 {[%emt 0:02:09]} 25. Rfe1 {[%emt 0:03:09]} hxg4 {[%emt 0:02:01]} 26. hxg4 {[%emt 0:00:22]} Rg6 {[%emt 0:00:48]} 27. Re5 {[%emt 0:03:11]} Rh7 {[%emt 0:00:53]} 28. Rae1 {[%emt 0:02:22]} Kd7 {[%emt 0:01:19]} 29. Kf2 {[%emt 0:04:49]} Rgh6 {[%emt 0:00:52]} 30. R5e2 {[%emt 0:02:22]} Bd3 {[%emt 0:00:44]} 31. Rd2 {[%emt 0:00:13]} Rh2+ {[%emt 0:00:05]} 32. Ke3 {[%emt 0:00:11]} Rxd2 {[%emt 0:00:09]} 33. Bxd2 {[%emt 0:01:41]} Bc4 {[%emt 0:00:14]} 34. a3 {[%emt 0:07:22]} 1/2-1/2

[Event "94th FRA-ch Open A 2019"]
[Site "Chartres"]
[Date "2019.08.17"]
[Round "1.2"]
[White "Meunier-Pion, Jean"]
[Black "Juran, Baptiste"]
[Result "1-0"]
[WhiteElo "2193"]
[BlackElo "2038"]
[Annotator "NA"]
[PlyCount "95"]
[EventDate "2019.08.17"]
[EventType "swiss"]
[EventCountry "FRA"]
[SourceTitle "playchess.com"]
[Source "ChessBase"]
[SourceQuality "1"]
[TimeControl "40/5400+30:1800+30"]

1. e4 {[%emt 0:00:00]} e6 {[%emt 0:00:00]} 2. d4 {[%emt 0:00:00]} d5 {[%emt 0:00:00]} 3. Nd2 {[%emt 0:00:00]} Nf6 {[%emt 0:00:00]} 4. e5 {[%emt 0:00:00]} Nfd7 {[%emt 0:00:00]} 5. f4 {[%emt 0:00:27]} c5 {[%emt 0:00:16]} 6. c3 {[%emt 0:00:15]} Nc6 {[%emt 0:00:07]} 7. Ndf3 {[%emt 0:00:38]} Qa5 {[%emt 0:02:55]} 8. dxc5 {[%emt 0:05:22]} Qxc5 {[%emt 0:03:20]} 9. Nd4 {[%emt 0:00:22]} Nxd4 {[%emt 0:05:13]} 10. cxd4 {[%emt 0:00:41]} Qa5+ {[%emt 0:00:16]} 11. Kf2 {[%emt 0:01:46]} Be7 {[%emt 0:04:05]} 12. Bd3 {[%emt 0:00:50]} O-O {[%emt 0:08:51]} 13. Nf3 {[%emt 0:00:06]} f6 {[%emt 0:02:01]} 14. h4 {[%emt 0:09:47]} Qb6 {[%emt 0:03:25]} 15. Kg3 {[%emt 0:18:45]} f5 {[%emt 0:10:39]} 16. Kf2 {[%emt 0:24:10]} Nb8 {[%emt 0:05:59]} 17. Rb1 {[%emt 0:03:25]} Nc6 {[%emt 0:03:41]} 18. a3 {[%emt 0:00:04]} a5 {[%emt 0:02:50]} 19. Be3 {[%emt 0:02:26]} Bd7 {[%emt 0:01:40]} 20. g4 {[%emt 0:22:14]} fxg4 {[%emt 0:09:29]} 21. Ng5 {[%emt 0:00:09]} h5 {[%emt 0:13:32]} 22. Bh7+ {[%emt 0:00:14]} Kh8 {[%emt 0:00:14]} 23. Bg6 {[%emt 0:00:04]} Nxe5 {[%emt 0:07:38]} 24. Bxh5 {[%emt 0:00:22]} Nc4 {[%emt 0:02:05]} 25. Qd3 {[%emt 0:04:10]} Rf5 {[%emt 0:01:58]} 26. Bxg4 {[%emt 0:00:08]} Nxe3 {[%emt 0:02:18]} 27. Kxe3 {[%emt 0:02:28]} Raf8 {[%emt 0:01:16]} 28. Bxf5 {[%emt 0:01:06]} Rxf5 {[%emt 0:00:09]} 29. Qd1 {[%emt 0:01:15]} Be8 {[%emt 0:01:20]} 30. Rc1 {[%emt 0:02:17]} Bd6 {[%emt 0:04:35]} 31. Rf1 {[%emt 0:00:55]} g6 {[%emt 0:01:43]} 32. Rc8 {[%emt 0:00:23]} Qb5 {[%emt 0:00:42]} 33. h5 {[%emt 0:00:49]} Kg7 {[%emt 0:02:46]} 34. Nxe6+ {[%emt 0:00:22]} Kf6 {[%emt 0:00:13]} 35. Nc7 {[%emt 0:00:36]} Bxc7 {[%emt 0:00:14]} 36. Rxc7 {[%emt 0:00:08]} gxh5 {[%emt 0:00:50]} 37. Qe1 {[%emt 0:00:29]} Qb3+ {[%emt 0:00:32]} 38. Qc3 {[%emt 0:00:37]} Qb6 {[%emt 0:00:53]} 39. Kd2 {[%emt 0:00:40]} Bc6 {[%emt 0:00:45]} 40. Rc8 {[%emt 0:00:06]} Kf7 {[%emt 0:00:10]} 41. Kc1 {[%emt 0:30:43]} Qb5 {[%emt 0:30:32]} 42. Rf2 {[%emt 0:00:44]} Rf6 {[%emt 0:00:38]} 43. Qh3 {[%emt 0:00:30]} Bd7 {[%emt 0:00:20]} 44. Qxh5+ {[%emt 0:00:05]} Ke7 {[%emt 0:01:19]} 45. Re2+ {[%emt 0:00:44]} Re6 {[%emt 0:00:26]} 46. Qg5+ {[%emt 0:00:10]} Kd6 {[%emt 0:00:07]} 47. Rxe6+ {[%emt 0:00:13]} Kxe6 {[%emt 0:00:18]} 48. f5+ {[%emt 0:00:20]} 1-0

[Event "94th FRA-ch Open A 2019"]
[Site "Chartres"]
[Date "2019.08.17"]
[Round "1.3"]
[White "Batteux, Mickael"]
[Black "Aumont, Alexandre"]
[Result "0-1"]
[WhiteElo "2037"]
[BlackElo "2190"]
[Annotator "TA"]
[PlyCount "132"]
[EventDate "2019.08.17"]
[EventType "swiss"]
[EventCountry "FRA"]
[SourceTitle "playchess.com"]
[Source "ChessBase"]
[SourceQuality "1"]

{[%evp 12,132,13,10,22,14,25,36,35,36,28,15,36,0,0,0,0,-30,-25,-62,-33,-33,-35,-31,0,-13,15,15,15,15,7,-54,-53,-61,0,0,0,0,0,0,0,0,0,0,0,0,0,0,0,-35,0,0,0,0,0,0,0,0,581,568,836,810,875,867,871,858,899,799,744,0,952,935,935,937,938,906,873,852,979,960,874,874,868,866,852,796,735,0,245,0,747,105,120,94,164,0,0,0,0,0,0,0,0,-206,0,-1000,-869,-1014,-984,-1222,-1049,-29977,-29978,-29979,-29980,-29980,-29981,-29981,-29982,-29982,-29983,-29980,-29979]} 1. d4 Nf6 2. Nf3 g6 3. Nc3 d5 4. Bf4 Bg7 5. e3 O-O 6. Be2 c6 7. h3 a5 {D00: 1 d4 d5: Unusual lines} (7... Nbd7 8. O-O Re8 9. Bh2 a5 10. Ne5 Nxe5 11. Bxe5 Ne4 12. Nxe4 Bxe5 13. dxe5 dxe4 14. Qd4 Qxd4 15. exd4 Rd8 16. Rad1 {0-1 (50) Melkumyan,H (2670)-Amin,B (2710) St Petersburg 2018}) 8. O-O Bf5 9. Bd3 $146 ({Predecessor:} 9. Ne5 Nfd7 10. Nxd7 Nxd7 11. Bd3 Bxd3 12. Qxd3 e5 13. dxe5 Nxe5 14. Bxe5 Bxe5 {0-1 (35) Girones Barrios,Y (2312)-Martin Del Campo C,R (2400) Havana 2013}) 9... Nbd7 {White is slightly better.} 10. Bxf5 gxf5 11. Ne5 Ne4 12. Qh5 Nxc3 13. bxc3 Nxe5 14. dxe5 e6 15. Rad1 f6 16. exf6 Qxf6 17. c4 $1 Qc3 18. cxd5 cxd5 19. Rb1 Qc6 20. Rb3 b5 21. e4 (21. Bh6 $11) 21... fxe4 $15 22. Rg3 Rxf4 {[#]} (22... Rf5 $1 $15 23. Qg4 Qd7) 23. Rxg7+ $1 $11 {[%mdl 576] Decoy} Kxg7 24. Qg5+ Kh8 25. Qe5+ Kg8 26. Qg5+ Kh8 27. Qe5+ Kg8 28. Qg5+ Kf8 29. Qxf4+ {[%mdl 4096] Endgame KQR-KQR} Ke8 30. Qf6 Ra6 31. Qh8+ Kd7 32. Qxh7+ Kd6 33. Qh8 Ra8 34. Qf6 Qxc2 $2 {[%mdl 8192]} (34... Qc5 $11 {and Black is okay.}) 35. Qf4+ $18 e5 36. Qh6+ Kc5 {[#]} 37. Rc1 $1 {[%mdl 512]} Qc4 38. Qe3+ Kb4 39. Qd2+ Kc5 40. Qe3+ Kb4 $1 41. Rxc4+ bxc4 {KQ-KR} 42. Qb6+ Kc3 43. Qb7 Rd8 44. Qc7 Ra8 45. Qxe5+ d4 46. Qxe4 Rb8 47. Qe1+ Kc2 48. Qe2+ Kc3 49. Qe1+ $2 (49. Qd1) 49... Kc2 $1 50. Qe4+ Kc3 51. h4 $2 (51. Qe5 $18 {has better winning chances.} Rb2 52. f4) 51... d3 $16 52. Qe5+ Kc2 {[#] With the idea ...Rb1+.} 53. Qxb8 $2 ({And not} 53. Qxa5 Rb1+ 54. Kh2 d2 $11) ({White has to play} 53. Qf5 $1 $18 {Threatens to win with f3.} c3 54. Kh2) 53... d2 $11 54. Qb5 d1=Q+ {KQ-KQ} 55. Kh2 Qd6+ 56. g3 c3 57. Qxa5 $2 (57. h5 $1 $11 {and White stays safe.}) 57... Qd4 $2 ({Better is} 57... Kb2 $19 58. Qb5+ Kxa2 59. Qe2+ Kb1) 58. Qb5 $2 {[%mdl 8192]} (58. h5 $11) 58... Kd2 59. Qg5+ Kd1 60. Qh5+ Ke1 61. Qe8+ Kd2 {Black mates.} 62. Qf8 c2 63. Qh6+ Kd1 64. Qh5+ Ke1 65. Qa5+ Qd2 66. Qe5+ Kxf2 {Accuracy: White = 57%, Black = 52%.} 0-1

[Event "94th FRA-ch Open A 2019"]
[Site "Chartres"]
[Date "2019.08.17"]
[Round "1.4"]
[White "Rivalin, Kenny"]
[Black "Derouineau, Jacques"]
[Result "1-0"]
[WhiteElo "2184"]
[BlackElo "2037"]
[Annotator "NA"]
[PlyCount "73"]
[EventDate "2019.08.17"]
[EventType "swiss"]
[EventCountry "FRA"]
[SourceTitle "playchess.com"]
[Source "ChessBase"]
[SourceQuality "1"]
[TimeControl "40/5400+30:1800+30"]

1. e4 {[%emt 0:00:00]} e5 {[%emt 0:00:00]} 2. Nf3 {[%emt 0:00:00]} d6 {[%emt 0:00:00]} 3. d4 {[%emt 0:00:00]} Nd7 {[%emt 0:00:02]} 4. Bc4 {[%emt 0:00:13]} c6 {[%emt 0:00:19]} 5. O-O {[%emt 0:00:12]} Be7 {[%emt 0:00:07]} 6. Nc3 {[%emt 0:00:44]} Ngf6 {[%emt 0:00:11]} 7. a4 {[%emt 0:00:14]} O-O {[%emt 0:00:09]} 8. Re1 {[%emt 0:00:45]} b6 {[%emt 0:02:46]} 9. Bg5 {[%emt 0:17:39]} Bb7 {[%emt 0:09:37]} 10. Qe2 {[%emt 0:21:13]} h6 {[%emt 0:04:22]} 11. Bh4 {[%emt 0:02:37]} Nh5 {[%emt 0:01:26]} 12. Bg3 {[%emt 0:02:16]} Bf6 {[%emt 0:11:24]} 13. Rad1 {[%emt 0:01:02]} Qe7 {[%emt 0:00:16]} 14. dxe5 {[%emt 0:11:17]} dxe5 {[%emt 0:06:23]} 15. Nd2 {[%emt 0:07:38]} Nxg3 {[%emt 0:01:57]} 16. hxg3 {[%emt 0:00:05]} Nc5 {[%emt 0:00:58]} 17. Nf1 {[%emt 0:04:20]} Rad8 {[%emt 0:00:25]} 18. Ne3 {[%emt 0:00:31]} g6 {[%emt 0:02:55]} 19. Rxd8 {[%emt 0:28:44]} Rxd8 {[%emt 0:01:09]} 20. Rd1 {[%emt 0:00:00]} Bc8 {[%emt 0:00:40]} 21. b4 {[%emt 0:01:00]} Ne6 {[%emt 0:05:04]} 22. Rxd8+ {[%emt 0:00:00]} Qxd8 {[%emt 0:00:40]} 23. b5 {[%emt 0:00:00]} Nd4 {[%emt 0:12:07]} 24. Qd3 {[%emt 0:00:00]} c5 {[%emt 0:02:22]} 25. Ncd5 {[%emt 0:00:00]} Bg7 {[%emt 0:01:20]} 26. c3 {[%emt 0:00:00]} Ne6 {[%emt 0:00:14]} 27. Bb3 {[%emt 0:00:00]} h5 {[%emt 0:06:01]} 28. Nc4 {[%emt 0:00:00]} Bb7 {[%emt 0:03:30]} 29. Qf3 {[%emt 0:00:00]} Ng5 {[%emt 0:05:11]} 30. Qd3 {[%emt 0:00:00]} Nxe4 {[%emt 0:07:22]} 31. Na5 {[%emt 0:00:00]} Nd6 {[%emt 0:06:43]} 32. Nc6 {[%emt 0:05:30]} Bxc6 {[%emt 0:02:29]} 33. bxc6 {[%emt 0:00:00]} Qg5 {[%emt 0:00:41]} 34. c7 {[%emt 0:00:00]} h4 {[%emt 0:02:31]} 35. gxh4 {[%emt 0:00:00]} Qxh4 {[%emt 0:01:12]} 36. Nxb6 {[%emt 0:00:00]} Ne4 {[%emt 0:02:05]} 37. Qd8+ {[%emt 0:00:00]} 1-0

[Event "94th FRA-ch Open A 2019"]
[Site "Chartres"]
[Date "2019.08.17"]
[Round "1.5"]
[White "Corgeron, Jean-Luc"]
[Black "Burille, Matthieu"]
[Result "0-1"]
[WhiteElo "2036"]
[BlackElo "2174"]
[Annotator "NA"]
[PlyCount "44"]
[EventDate "2019.08.17"]
[EventType "swiss"]
[EventCountry "FRA"]
[SourceTitle "playchess.com"]
[Source "ChessBase"]
[SourceQuality "1"]
[TimeControl "40/5400+30:1800+30"]

1. Nf3 {[%emt 0:00:00]} c5 {[%emt 0:00:00]} 2. c4 {[%emt 0:00:15]} Nc6 {[%emt 0:00:00]} 3. g3 {[%emt 0:01:07]} g6 {[%emt 0:00:00]} 4. Nc3 {[%emt 0:00:40]} Bg7 {[%emt 0:00:13]} 5. Bg2 {[%emt 0:00:20]} e5 {[%emt 0:01:45]} 6. d3 {[%emt 0:00:52]} Nge7 {[%emt 0:00:49]} 7. Ne4 {[%emt 0:07:52]} d6 {[%emt 0:19:53]} 8. Bg5 {[%emt 0:02:16]} f5 {[%emt 0:20:35]} 9. Nf6+ {[%emt 0:02:03]} Kf7 {[%emt 0:00:08]} 10. Nd5 {[%emt 0:00:54]} h6 {[%emt 0:00:09]} 11. Nxe7 {[%emt 0:10:41]} Nxe7 {[%emt 0:02:30]} 12. Bxe7 {[%emt 0:17:19]} Qxe7 {[%emt 0:00:03]} 13. e4 {[%emt 0:01:12]} f4 {[%emt 0:01:18]} 14. Qd2 {[%emt 0:02:06]} g5 {[%emt 0:01:01]} 15. O-O-O {[%emt 0:05:19]} g4 {[%emt 0:01:55]} 16. gxf4 {[%emt 0:01:05]} gxf3 {[%emt 0:00:33]} 17. Bxf3 {[%emt 0:00:14]} Qh4 {[%emt 0:09:37]} 18. fxe5 {[%emt 0:02:39]} Bxe5 {[%emt 0:00:34]} 19. Qe2 {[%emt 0:00:31]} Be6 {[%emt 0:02:13]} 20. Kb1 {[%emt 0:02:58]} Ke7 {[%emt 0:00:32]} 21. b4 {[%emt 0:02:31]} b6 {[%emt 0:00:52]} 22. h3 {[%emt 0:05:16]} Raf8 {[%emt 0:05:27]} 0-1

[Event "94th FRA-ch Open A 2019"]
[Site "Chartres"]
[Date "2019.08.17"]
[Round "1.6"]
[White "De Lussac, Rainier"]
[Black "Fournier, Dimitri"]
[Result "0-1"]
[WhiteElo "2164"]
[BlackElo "2034"]
[Annotator "TA"]
[PlyCount "56"]
[EventDate "2019.08.17"]
[EventType "swiss"]
[EventCountry "FRA"]
[SourceTitle "playchess.com"]
[Source "ChessBase"]
[SourceQuality "1"]

{[%evp 22,132,0,-38,41,-56,-2,-7,-16,-132,-143,-197,-66,-152,-116,-214,-228,-219,-122,-106,-126,-116,-117,-119,-118,-110,-113,-184,-167,-285,-285,-332,-329,-302,-251,-267,-224,-217,-227,-270,-205,-258,-209,-312,-317,-315,-318,-312,-218,-327,-301,-283,-189,-318,-318,-316,-214,-351,-339,-378,-443,-443,-443,-439,-430,-452,-371,-320,-80,-80,-80,-80,-80,-80,-80,-80,-80,-80,-80,-80,-80,-148,-148,-117,-55,-320,-320,-320,-320,-320,-320,-340,-340,-329,-295,-29977,-29978,-29978,-29979,-29979,-29980,-29980,-29981,-29980,-29982,-29982,-29983,-29983,-29984,-29985,-29986,-29988,-29985]} 1. d4 Nf6 2. c4 e6 3. Nf3 b6 4. g3 Bb7 5. Bg2 Be7 6. O-O O-O 7. d5 exd5 8. Nh4 c6 9. cxd5 Nxd5 10. Nf5 Nc7 11. e4 d5 12. Re1 Bc5 {[#] E17: Queen's Indian: 4 g3 Bb7 5 Bg2 Be7} (12... Bf6 $15) 13. Nc3 $146 (13. b4 $1 $14 {[%mdl 512]} Be7 (13... Bxb4 14. Qd4) 14. Bb2) ({Predecessor:} 13. b4 Qf6 14. bxc5 Qxa1 15. Bd2 Qxa2 16. Bh6 Bc8 17. Nxg7 Qb2 18. Nh5 Be6 19. Bf4 Nd7 20. Bxc7 Rfe8 21. Re2 Qa1 22. Qd2 Kh8 23. Re1 f6 24. Nc3 Qa5 25. Nxf6 Nxf6 26. Be5 Kg8 27. Qg5+ {1-0 (27) Schebler,G (2474)-Huebner,R (2637) Germany 2005}) 13... Qf6 (13... Bc8 $1 $15) 14. Qf3 {[%cal Re4d5]} Nd7 {The position is equal.} 15. h4 (15. Bf4 $11 dxe4 16. Nxe4 Qxf5 17. Bxc7 Qxf3 18. Bxf3) 15... Ne5 $17 16. Qd1 (16. Qf4 $17) 16... dxe4 ({Black should play} 16... Ne6 $19 17. Na4 Bxf2+ $1 {[%mdl 512]} 18. Kxf2 dxe4 19. Bxe4 g6 {[%mdl 64] Pin}) 17. Bxe4 (17. g4 $1 $15) 17... Rad8 18. Qh5 (18. Qe2 $17 Ba6 19. Bg5) 18... g6 $19 19. Bg5 Qxf5 (19... gxh5 $2 {loses.} 20. Bxf6 Rfe8 21. Bxd8 $18) (19... Qe6 $19 20. Nh6+ Kh8) 20. Bxf5 $17 gxh5 21. Rxe5 f6 $36 {[%mdl 2112] Double Attack. Black has strong initiative.} 22. Rxc5 bxc5 23. Be3 Rfe8 24. Ne4 (24. Bh3 $17 {is a better defense.}) 24... Nd5 $19 25. Bxc5 (25. Nxc5 $142 Nxe3 26. fxe3) 25... Re5 $1 26. g4 hxg4 27. Ng3 Nf4 28. Be3 {[#]} Nh3+ {Played: Nf4-e2} 0-1

[Event "94th FRA-ch Open A 2019"]
[Site "Chartres"]
[Date "2019.08.18"]
[Round "2.1"]
[White "Llapasset, Jean-Louis"]
[Black "Meunier-Pion, Jean"]
[Result "0-1"]
[WhiteElo "2050"]
[BlackElo "2193"]
[Annotator "NA"]
[PlyCount "82"]
[EventDate "2019.08.17"]
[EventType "swiss"]
[EventCountry "FRA"]
[SourceTitle "playchess.com"]
[Source "ChessBase"]
[SourceQuality "1"]
[TimeControl "40/5400+30:1800+30"]

1. e4 {[%emt 0:00:00]} c5 {[%emt 0:00:00]} 2. Nf3 {[%emt 0:00:00]} d6 {[%emt 0:00:00]} 3. d4 {[%emt 0:00:12]} cxd4 {[%emt 0:00:00]} 4. Nxd4 {[%emt 0:00:06]} Nf6 {[%emt 0:00:00]} 5. Nc3 {[%emt 0:00:04]} a6 {[%emt 0:00:00]} 6. f3 {[%emt 0:02:24]} e6 {[%emt 0:00:00]} 7. Be3 {[%emt 0:01:36]} b5 {[%emt 0:00:02]} 8. Qd2 {[%emt 0:04:56]} Bb7 {[%emt 0:00:06]} 9. g4 {[%emt 0:01:47]} Be7 {[%emt 0:00:18]} 10. g5 {[%emt 0:02:43]} Nfd7 {[%emt 0:01:19]} 11. a4 {[%emt 0:04:42]} b4 {[%emt 0:00:42]} 12. Nce2 {[%emt 0:02:38]} d5 {[%emt 0:00:24]} 13. exd5 {[%emt 0:00:54]} Bxd5 {[%emt 0:01:06]} 14. Bg2 {[%emt 0:27:24]} Nb6 {[%emt 0:05:36]} 15. b3 {[%emt 0:00:15]} Bb7 {[%emt 0:00:26]} 16. h4 {[%emt 0:07:11]} g6 {[%emt 0:18:45]} 17. h5 {[%emt 0:04:52]} Rg8 {[%emt 0:00:17]} 18. hxg6 {[%emt 0:01:40]} hxg6 {[%emt 0:00:07]} 19. O-O-O {[%emt 0:09:46]} e5 {[%emt 0:05:14]} 20. Ne6 {[%emt 0:06:41]} Qxd2+ {[%emt 0:00:11]} 21. Rxd2 {[%emt 0:00:03]} fxe6 {[%emt 0:00:07]} 22. Bxb6 {[%emt 0:04:10]} Bxg5 {[%emt 0:00:36]} 23. Rh7 {[%emt 0:00:14]} Bxd2+ {[%emt 0:00:14]} 24. Kxd2 {[%emt 0:00:03]} Nd7 {[%emt 0:00:08]} 25. Ba5 {[%emt 0:00:50]} g5 {[%emt 0:20:15]} 26. Bh3 {[%emt 0:03:45]} Bd5 {[%emt 0:00:13]} 27. Bxb4 {[%emt 0:00:49]} Nf8 {[%emt 0:03:56]} 28. Re7+ {[%emt 0:02:00]} Kd8 {[%emt 0:00:01]} 29. Ke3 {[%emt 0:00:28]} Rb8 {[%emt 0:13:43]} 30. Ba3 {[%emt 0:02:17]} Bxb3 {[%emt 0:02:07]} 31. Rf7 {[%emt 0:00:27]} Nd7 {[%emt 0:01:24]} 32. Nc3 {[%emt 0:02:54]} Rg6 {[%emt 0:15:45]} 33. Ne4 {[%emt 0:01:12]} Bxc2 {[%emt 0:02:10]} 34. Be7+ {[%emt 0:01:27]} Kc8 {[%emt 0:00:07]} 35. Nxg5 {[%emt 0:01:58]} Bb3 {[%emt 0:03:23]} 36. Bf1 {[%emt 0:00:14]} Rb6 {[%emt 0:00:40]} 37. Ne4 {[%emt 0:00:44]} Bxa4 {[%emt 0:01:10]} 38. Bc4 {[%emt 0:01:46]} Bb3 {[%emt 0:01:30]} 39. Nd6+ {[%emt 0:00:23]} Rxd6 {[%emt 0:01:30]} 40. Bxb3 {[%emt 0:00:20]} Rd4 {[%emt 0:00:49]} 41. Rh7 {[%emt 0:04:39]} Nb6 {[%emt 0:04:35]} 0-1

[Event "94th FRA-ch Open A 2019"]
[Site "Chartres"]
[Date "2019.08.18"]
[Round "2.2"]
[White "Aumont, Alexandre"]
[Black "Dube, Dimitri"]
[Result "1-0"]
[WhiteElo "2190"]
[BlackElo "2056"]
[Annotator "NA"]
[PlyCount "47"]
[EventDate "2019.08.17"]
[EventType "swiss"]
[EventCountry "FRA"]
[SourceTitle "playchess.com"]
[Source "ChessBase"]
[SourceQuality "1"]
[TimeControl "40/5400+30:1800+30"]

1. e4 {[%emt 0:00:00]} c6 {[%emt 0:00:50]} 2. Nc3 {[%emt 0:00:00]} d5 {[%emt 0:00:07]} 3. Nf3 {[%emt 0:00:00]} Bg4 {[%emt 0:01:35]} 4. h3 {[%emt 0:00:00]} Bxf3 {[%emt 0:00:57]} 5. Qxf3 {[%emt 0:00:00]} Nf6 {[%emt 0:00:36]} 6. d3 {[%emt 0:00:33]} e6 {[%emt 0:00:57]} 7. Bd2 {[%emt 0:00:35]} Be7 {[%emt 0:01:34]} 8. g4 {[%emt 0:00:30]} Na6 {[%emt 0:04:05]} 9. O-O-O {[%emt 0:05:10]} Nc7 {[%emt 0:04:35]} 10. g5 {[%emt 0:01:08]} Nd7 {[%emt 0:00:21]} 11. h4 {[%emt 0:00:43]} b5 {[%emt 0:01:44]} 12. Kb1 {[%emt 0:05:51]} b4 {[%emt 0:06:21]} 13. Ne2 {[%emt 0:02:25]} Nb5 {[%emt 0:01:09]} 14. Bh3 {[%emt 0:08:22]} Rb8 $11 {[%emt 0:07:57]} 15. exd5 {[%emt 0:20:58]} cxd5 {[%emt 0:00:28]} 16. Qf4 {[%emt 0:32:53]} Qa5 {[%emt 0:15:07]} 17. Nc1 {[%emt 0:00:52]} O-O {[%emt 0:05:32]} 18. Nb3 {[%emt 0:01:42]} Qa4 {[%emt 0:05:00]} 19. h5 {[%emt 0:03:08]} d4 {[%emt 0:07:38]} 20. g6 {[%emt 0:01:10]} Nc5 {[%emt 0:06:44]} 21. gxf7+ {[%emt 0:00:50]} Kh8 {[%emt 0:00:08]} 22. h6 {[%emt 0:00:44]} Bf6 {[%emt 0:18:44]} 23. hxg7+ {[%emt 0:01:45]} Bxg7 {[%emt 0:00:22]} 24. Bxe6 {[%emt 0:03:38]} 1-0

[Event "94th FRA-ch Open A 2019"]
[Site "Chartres"]
[Date "2019.08.18"]
[Round "2.3"]
[White "Gourbiere, Yohan"]
[Black "Rivalin, Kenny"]
[Result "0-1"]
[WhiteElo "2040"]
[BlackElo "2184"]
[Annotator "NA"]
[PlyCount "46"]
[EventDate "2019.08.17"]
[EventType "swiss"]
[EventCountry "FRA"]
[SourceTitle "playchess.com"]
[Source "ChessBase"]
[SourceQuality "1"]
[TimeControl "40/5400+30:1800+30"]

1. e4 {[%emt 0:00:00]} c5 {[%emt 0:00:00]} 2. Nf3 {[%emt 0:00:00]} d6 {[%emt 0:00:00]} 3. d4 {[%emt 0:00:00]} cxd4 {[%emt 0:00:00]} 4. Qxd4 {[%emt 0:00:00]} Bd7 {[%emt 0:00:16]} 5. Be3 {[%emt 0:06:29]} Nc6 {[%emt 0:00:50]} 6. Qd2 {[%emt 0:03:35]} Nf6 {[%emt 0:00:37]} 7. Nc3 {[%emt 0:00:43]} a6 {[%emt 0:07:59]} 8. O-O-O {[%emt 0:04:33]} b5 {[%emt 0:01:10]} 9. Bd3 $11 {[%emt 0:35:22]} e6 {[%emt 0:08:25]} 10. h3 {[%emt 0:20:00]} b4 {[%emt 0:18:49]} 11. Ne2 {[%emt 0:00:38]} Qa5 {[%emt 0:07:01]} 12. Kb1 {[%emt 0:01:37]} e5 {[%emt 0:02:22]} 13. Nc1 {[%emt 0:01:14]} Be7 {[%emt 0:02:40]} 14. Bg5 {[%emt 0:02:40]} Be6 {[%emt 0:01:28]} 15. Bxf6 {[%emt 0:01:44]} Bxf6 {[%emt 0:09:45]} 16. Nb3 {[%emt 0:01:15]} Qb6 {[%emt 0:02:19]} 17. Ng5 {[%emt 0:01:09]} Bxg5 {[%emt 0:03:13]} 18. Qxg5 {[%emt 0:01:53]} O-O {[%emt 0:00:06]} 19. Qh4 {[%emt 0:03:29]} a5 {[%emt 0:01:15]} 20. f4 {[%emt 0:01:31]} a4 {[%emt 0:05:30]} 21. Nd2 {[%emt 0:01:08]} a3 {[%emt 0:06:32]} 22. f5 {[%emt 0:02:33]} Bxa2+ {[%emt 0:01:33]} 23. Kxa2 {[%emt 0:01:24]} axb2+ {[%emt 0:00:23]} 0-1